<?xml version="1.0" encoding="UTF-8"?>
<collection xmlns="http://www.loc.gov/MARC21/slim">
  <record>
    <leader>00000nam  2200000   4500</leader>
    <controlfield tag="001">INLIS000000000012394</controlfield>
    <controlfield tag="005">20220427083442</controlfield>
    <datafield tag="035" ind1="#" ind2="#">
      <subfield code="a">0010-0422000276</subfield>
    </datafield>
    <datafield tag="245" ind1="1" ind2="#">
      <subfield code="a">SISTEM PENGELOLAAN BARANG UPTD (TEMAN UPTD) DINAS PEKERJAAN UMUM KOTA BALIKPAPAN /</subfield>
      <subfield code="c">Rahmad Sukiman,A.Md</subfield>
    </datafield>
    <datafield tag="100" ind1="1" ind2="#">
      <subfield code="a">Rahmad, SUKIMAN</subfield>
    </datafield>
    <datafield tag="250" ind1="#" ind2="#">
      <subfield code="a">1</subfield>
    </datafield>
    <datafield tag="300" ind1="#" ind2="#">
      <subfield code="a">32 halaman, lampiran :</subfield>
      <subfield code="b">ilustrasi ;</subfield>
      <subfield code="c">30 cm</subfield>
    </datafield>
    <datafield tag="260" ind1="#" ind2="#">
      <subfield code="a">Samarinda :</subfield>
      <subfield code="b">Puslatbang KDOD,</subfield>
      <subfield code="c">2021</subfield>
    </datafield>
    <datafield tag="084" ind1="#" ind2="#">
      <subfield code="a">PKP 271 2021</subfield>
    </datafield>
    <datafield tag="650" ind1="#" ind2="4">
      <subfield code="a">Proyek Perubahan</subfield>
    </datafield>
    <datafield tag="650" ind1="#" ind2="4">
      <subfield code="a">Kepemimpinan Pengawas</subfield>
    </datafield>
    <datafield tag="650" ind1="#" ind2="4">
      <subfield code="a">sistem informasi</subfield>
    </datafield>
    <datafield tag="650" ind1="#" ind2="4">
      <subfield code="a">teknologi informasi</subfield>
    </datafield>
    <datafield tag="650" ind1="#" ind2="4">
      <subfield code="a">manajemen database</subfield>
    </datafield>
    <datafield tag="650" ind1="#" ind2="4">
      <subfield code="a">inovasi pemerintah</subfield>
    </datafield>
    <datafield tag="650" ind1="#" ind2="4">
      <subfield code="a">barang persediaan</subfield>
    </datafield>
    <datafield tag="520" ind1="#" ind2="#">
      <subfield code="a">Laporan proyek perubahan ini menjelaskan tentang sistem pengelolaan barang persediaan tidak terkendali karena tidak tersedianya alur pengelolaan barang persedian, tidak tersedianya laporan, SDM, peralatan pendukung,  aplikasi, stok area dan gudang serta anggaran. Proyek perubahan Sistem Pengelolaan Barang UPTD (Teman UPT D) sehingga laporan barang persediaan lebih efektif dan akuntable, mempermudah penyusunan kebutuhan barang persediaan untuk pengajuan anggaran, dan tersedianya stok barang persediaan yang lebih terkini di Dinas Pekerjaan Umum Kota Balikpapan</subfield>
    </datafield>
    <datafield tag="500" ind1="#" ind2="#">
      <subfield code="a">Coach : Veronika Hanna Naibaho&#13;
Penguji : Dr. H. Fitriansyah, ST., MM&#13;
Mentor : Fajar Juliarman</subfield>
    </datafield>
    <datafield tag="990" ind1="#" ind2="#">
      <subfield code="a">PKP/271/2021</subfield>
    </datafield>
  </record>
</collection>
